Ensueño : (Registro nro. 415)
[ vista simple ]
| 000 -LEADER | |
|---|---|
| fixed length control field | 00972nam a22001697a 4500 |
| 003 - CONTROL NUMBER IDENTIFIER | |
| control field | OSt |
| 005 - DATE AND TIME OF LATEST TRANSACTION | |
| control field | 20250203120534.0 |
| 008 - FIXED-LENGTH DATA ELEMENTS--GENERAL INFORMATION | |
| fixed length control field | 250203s2022 ag ||||| |||| 00| p spa d |
| 020 ## - INTERNATIONAL STANDARD BOOK NUMBER | |
| International Standard Book Number | 9789878429199 |
| 040 ## - CATALOGING SOURCE | |
| Transcribing agency | besoc |
| 100 1# - MAIN ENTRY--PERSONAL NAME | |
| Personal name | Hernández, Fausto |
| Dates associated with a name | 1987-1959 |
| Relator term | autor |
| 245 10 - TITLE STATEMENT | |
| Title | Ensueño : |
| Remainder of title | La Muerte la llevamos dentro / |
| Statement of responsibility, etc. | Fausto Hernández |
| 260 ## - PUBLICATION, DISTRIBUTION, ETC. | |
| Place of publication, distribution, etc. | Rosario : |
| Name of publisher, distributor, etc. | emr, |
| Date of publication, distribution, etc. | 2018 |
| 520 ## - SUMMARY, ETC. | |
| Summary, etc. | Poco antes de su muerte, ocurrida el 5 de mayo de 1959, Fausto Hernández entregó a su amigo el pintor Julio Vanzo (1901-1984) una copia mecanografiada de un nuevo libro, Ensueño, del cual había sido publicado un adelanto en 1941 en el primer número de la revista Paraná dirigida por Montes i Bradley. Esta copia se conservó entre las pertenencias de Vanzo y fue descubierta recientemente, lo que explica que Ensueño se haya mantenido inédito y desconocido hasta este momento. [Nota del editor] |
| 650 #4 - SUBJECT ADDED ENTRY--TOPICAL TERM | |
| Topical term or geographic name entry element | Literatura argentina |
| Form subdivision | Poesía |
| Chronological subdivision | Siglo XX |
| 942 ## - ADDED ENTRY ELEMENTS (KOHA) | |
| Source of classification or shelving scheme | Universal Decimal Classification |
| Koha item type | Obra General |
| Suppress in OPAC | No |
| Withdrawn status | Lost status | Source of classification or shelving scheme | Damaged status | Not for loan | Collection | Home library | Current library | Date acquired | Total checkouts | Full call number | Barcode | Date last seen | Price effective from | Koha item type |
|---|---|---|---|---|---|---|---|---|---|---|---|---|---|---|
| Universal Decimal Classification | Colección General | Biblioteca Escuela de Ciencias Sociales | Biblioteca Escuela de Ciencias Sociales | 03/02/2025 | 82-1(821.6) H557 | 000043 | 03/02/2025 | 03/02/2025 | Obra General |